Modelovanie vzťahov na trhu práce v SR bakalárska práca

Salvato in:
Dettagli Bibliografici
Autore principale: Pavlovičová, Ivana
Ente Autore: Fakulta hospodárskej informatiky EU. Katedra operačného výskumu a ekonometrie
Altri autori: Dolinajcová, Miroslava
Natura: Libro
Lingua:slovacco
Pubblicazione: Bratislava 2013
Tags: Aggiungi Tag
Nessun Tag, puoi essere il primo ad aggiungerne!!

MARC

LEADER 00000nbm a2200000 4500
001 0173051
005 20161109112135.0
041 0 |a slo 
044 |a SK 
245 1 0 |a Modelovanie vzťahov na trhu práce v SR  |b bakalárska práca  |c Ivana Pavlovičová ; školiteľ: Miroslava Dolinajcová 
264 1 |a Bratislava  |c 2013 
300 |a 31 s. 
100 1 |a Pavlovičová, Ivana 
700 1 |a Dolinajcová, Miroslava 
710 2 |a Fakulta hospodárskej informatiky EU. Katedra operačného výskumu a ekonometrie